• AIU
  • Tony Wilmot Memorial Library

Africa index to continental periodical l. (Record no. 39421)

MARC details
000 -LEADER
fixed length control field 00440nam a22001691a 4500
003 - CONTROL NUMBER IDENTIFIER
control field NEGST
005 - DATE AND TIME OF LATEST TRANSACTION
control field 20110718133001.0
008 - FIXED-LENGTH DATA ELEMENTS--GENERAL INFORMATION
fixed length control field 030627s1983 001 0 eng d
020 ## - INTERNATIONAL STANDARD BOOK NUMBER
International Standard Book Number 0905450094
245 00 - TITLE STATEMENT
Title Africa index to continental periodical l.
260 ## - PUBLICATION, DISTRIBUTION, ETC. (IMPRINT)
Place of publication, distribution, etc Munich :
Name of publisher, distributor, etc H. Zell,
Date of publication, distribution, etc 1983.
300 ## - PHYSICAL DESCRIPTION
Extent xxii, 375p.
590 ## - LOCAL NOTE (RLIN)
Local note Accession number: 22491
650 #0 - SUBJECT ADDED ENTRY--TOPICAL TERM
Topical term or geographic name as entry element Africa
General subdivision Bibliography.
700 1# - ADDED ENTRY--PERSONAL NAME
Personal name Darch, Colin.
Holdings
Withdrawn status Lost status Source of classification or shelving scheme Damaged status Not for loan Collection code Home library Current library Shelving location Date acquired Cost, normal purchase price Total Checkouts Full call number Barcode Date last seen Copy number Price effective from Koha item type
    Library of Congress Classification     Reference AIU/NEGST - Tony Wilmot Memorial Library AIU/NEGST - Tony Wilmot Memorial Library Reference 02/04/2010 22.50   REF Z 3501.A43 1983 R08602P3232 07/09/2014 1 02/04/2010 Africana collection ( Reference)